000 00928nam a2200301 i 4500
003 EG-GICUC
005 20260507120724.0
008 260507s1968 fr ||||fr|||| 001 0 fre d
040 _aEG-GiCUC
_bfre
_cEG-GiCUC
_dEG-GiCUC
_eRda
041 _afre
082 0 4 _221
_a345.044
_bBE.D
092 0 4 _221
099 _aLaw1 07 345.044 BE.D 1968
100 1 _a Benoit , Francis Paul
_eAuteur
245 _aLe Droit Administratif Français /
_cFrancis-Paul Benoit .
264 _aParis :
_bDalloz ,
_c1968 .
300 _a897 page :
_c 24 cm.
336 _2rda contenu
_a texte
337 _2rda medias
_aOrdinateur
338 _2 transporteur rda
_a Ressource en ligne
500 _aIncludes Index Pages 886-897.
546 _aTexte en français
650 1 _aDroit administratif
_zFrance
651 1 _2qrmak
856 4 0 _uhttps://fll.law.cu.edu.eg/fulltext/bks/B07-05695.pdf
905 _a60
942 _2ddc
_cBK
_e21
_n0
999 _c76103
_d76103